000 00842nam a2200265Ia 4500
001 Para_8040
003 CHAP
008 220125s1921 xx 000 0 und d
010 _a205931
040 _cCHAP
082 _aPA-C 595.75 H4
100 _aDelong, D. M.
_9172066
245 _aThree new species of cicadellidae previously confused with related species (Homoptera) /
_c by D. M. Delong
300 _a89-92 p.
440 _aHemiptera ; 12
_9172067
505 _aSobretiro de: Trans. Am. Ent. Soc. 52: 89-92 1921 Encuadernado con otros escritos similares
650 _aHemípteros
_x colecciones de escritos Cicadelidos
_9172068
901 _aPA-C 595.75 H4
902 _aA
905 _a0000001921 0000000000 00
910 _a1921
942 _cPARA
942 _cPARA
_d1
999 _c205931
_d205931